00582 2200217 4500001002100000005001500021035002500036090001800061245005100079260003300130300003200163008004100195040001700236082001400253084001600267100001800283850001200301041000800313651002500321990001800346YOGYA00000000001977720190111090505 a0010-081400000019495 aL 959.8 HAR r0 aRahsia dan akibat Linggardjati /cA.S. Harahap aJakarta :bBintangmas,c1951 a86 halaman :bfoto ;c18 cm130730s1951 jkic f ind d aYOPDYOGbind04223a959.8 a959.8 HAR r3 aHarahap, A.S. aYOPDYOG0 aind 4aIndonesia--xsejarah a62195-PD/A.18